Economics (Record no. 40704)

MARC details
000 -LEADER
fixed length control field 00394nam a2200169Ia 4500
008 - FIXED-LENGTH DATA ELEMENTS--GENERAL INFORMATION
fixed length control field 230524s9999 xx 000 0 und d
082 ## - DEWEY DECIMAL CLASSIFICATION NUMBER
Classification number 330
Item number DHI
100 ## - MAIN ENTRY--AUTHOR NAME
Personal name I C Dhingra
245 #0 - TITLE STATEMENT
Title Economics
250 ## - EDITION STATEMENT
Edition statement IST
260 ## - PUBLICATION, DISTRIBUTION, ETC. (IMPRINT)
Place of publication NEW DELHI
Name of publisher S.Chand
Year of publication 2000
300 ## - PHYSICAL DESCRIPTION
Number of Pages XV;17.61
500 ## - GENERAL NOTE
General note Quantity Number: 1
650 ## - SUBJECT ADDED ENTRY--TOPICAL TERM
Topical Term Economics
700 ## - ADDED ENTRY--PERSONAL NAME
Personal name V.K.Garg
942 ## - ADDED ENTRY ELEMENTS (KOHA)
Koha item type Books
Holdings
Lost status Damaged status Permanent Location Current Location Shelving location Date acquired Full call number Accession Number Koha item type
    Central Library, Trident Academy of Technology Central Library, Trident Academy of Technology General Stacks 05/24/2023 330 DHI 26259 Books
Trident Academy of Technology © 2023.
All rights reserved.                                                                                                                                                                                                        Designed by Team of Central Library .

Powered by Koha